000 00512nmm a2200169Ia 4500
008 251105s9999||||xx |||||||||||||||||und||
020 _a9788477374664
041 _aspa
100 _aLeralta, Javier
245 0 _aLa Leyenda Negra en los personajes de la historia de España
264 _a[Madrid, España] :
_bSílex Ediciones,
_c2011
300 _a246 páginas
490 _aSerie Historia
650 _aHistory of Europe: Spain
856 _uhttps://public.digitaliapublishing.com/a/10141
942 _cCF
999 _c85421
_d85421